[Event "Titled Tue 17th Jun Early"]
[Site "chess.com INT"]
[Date "2025.06.17"]
[Round "8"]
[White "Ai, Evan"]
[Black "El Zein, Zayne-Eddine"]
[Result "1-0"]
[BlackTitle "CM"]
[WhiteElo "2188"]
[BlackElo "2194"]
[WhiteFideId "2094770"]
[BlackFideId "5313210"]
[EventDate "2025.06.17"]

1. d4 d6 2. e4 Nf6 3. Nc3 e5 4. f3 Nbd7 5. Be3 Be7 6. Nge2 O-O 7. g4 c6 8. Qd2
b5 9. Ng3 Re8 10. g5 exd4 11. Qxd4 Ne5 12. Be2 Nfd7 13. f4 Nc4 14. Bxc4 bxc4 15.
Nf5 Bf8 16. Nxd6 Bxd6 17. Qxd6 Qa5 18. O-O-O Nf8 19. f5 Bb7 20. Qc5 Qc7 21. h4
a5 22. h5 Nd7 23. Qd6 Qxd6 24. Rxd6 Ne5 25. h6 Ng4 26. Bb6 c5 27. hxg7 Nf2 28.
Rh2 Nxe4 29. Nxe4 Bxe4 30. f6 Bg6 31. Bxc5 Re5 32. Rhd2 Rae8 33. Bf2 Rxg5 34.
Rd8 Re5 35. Bg3 Re6 36. Rxe8+ Rxe8 37. Bd6 h5 38. Be7 Bf5 39. Rd5 Bg4 40. Rxa5
h4 41. Rg5 Bf3 42. Rf5 Bg4 43. Rf4 h3 44. Rxg4 h2 45. Rh4 h1=Q+ 46. Rxh1 1-0

[Event "Titled Tue 17th Jun Early"]
[Site "chess.com INT"]
[Date "2025.06.17"]
[Round "8"]
[White "Huseynova, Dinara"]
[Black "Verbovsky, Michal"]
[Result "1-0"]
[WhiteTitle "WCM"]
[BlackTitle "CM"]
[WhiteElo "1833"]
[BlackElo "2172"]
[WhiteFideId "13437313"]
[BlackFideId "14934213"]
[EventDate "2025.06.17"]

1. d4 Nf6 2. Nf3 d6 3. e3 Nbd7 4. Bd3 e5 5. Nbd2 Be7 6. O-O c6 7. b3 O-O 8. Bb2
Qc7 9. c4 Re8 10. Qc2 a6 11. Ne4 Kh8 12. Nxf6 Bxf6 13. dxe5 Nxe5 14. Nxe5 dxe5
15. Be4 g6 16. Rfd1 Be6 17. Rd2 Red8 18. Rad1 Rxd2 19. Rxd2 Rd8 20. Rxd8+ Qxd8
21. Qd3 Qa5 22. Qb1 Kg7 23. a3 Qd2 24. Qc1 Qe2 25. Bf3 Qd3 26. Qc3 Qb1+ 27. Qc1
Qa2 28. Qc3 h5 29. h3 Qb1+ 30. Kh2 Qf1 31. Qd2 a5 32. Qe2 Qb1 33. Qd2 a4 34.
bxa4 Bxc4 35. Be2 Bd5 36. a5 Qa2 37. f3 Qb3 38. Qc3 Qxc3 39. Bxc3 Kf8 40. a6
bxa6 41. Bxa6 Be7 42. e4 Be6 43. a4 f6 44. a5 Bc5 45. Bb7 Bd7 46. a6 Ke7 47. Bb4
Bxb4 48. a7 h4 49. a8=Q g5 50. Bxc6 Bxc6 51. Qxc6 Bd6 52. g3 hxg3+ 53. Kxg3 Ke6
54. h4 gxh4+ 55. Kxh4 Ke7 56. Kg4 Ke6 57. Qc8+ Ke7 58. Kf5 Bc5 59. Qe6+ Kd8 60.
Qxf6+ Be7 61. Qxe5 Ke8 62. Qe6 Kf8 63. Kg6 Ke8 64. Qf7+ Kd8 65. f4 Kd7 66. f5
Kd8 67. f6 Bd6 68. Qe6 Bf8 69. f7 Be7 70. e5 Kc7 71. Qxe7+ Kb8 72. f8=Q# 1-0

[Event "Titled Tue 17th Jun Early"]
[Site "chess.com INT"]
[Date "2025.06.17"]
[Round "8"]
[White "Yao, Hanchi"]
[Black "Agarwal, Amaya"]
[Result "0-1"]
[BlackTitle "WCM"]
[WhiteElo "2129"]
[BlackElo "2004"]
[WhiteFideId "30957397"]
[BlackFideId "48733580"]
[EventDate "2025.06.17"]

1. d4 d5 2. c4 e6 3. Nc3 Be7 4. cxd5 exd5 5. Bf4 Nf6 6. e3 O-O 7. Nf3 Bf5 8. Bd3
Bxd3 9. Qxd3 Nbd7 10. O-O Re8 11. Ng5 h6 12. Nf3 c6 13. Ne5 Nh5 14. Qf5 Nxe5 15.
Bxe5 Nf6 16. Ne2 Qd7 17. Qd3 Rad8 18. Ng3 Ng4 19. Nf5 Nxe5 20. dxe5 Bc5 21. f4
g6 22. Nxh6+ Kg7 23. f5 Kxh6 24. f6 d4 25. Qe4 Kh7 26. Qh4+ Kg8 27. Rf3 dxe3 28.
Re1 e2+ 29. Kh1 Qd1 30. e6 Qxe1+ 31. Qxe1 Rd1 0-1

[Event "Titled Tue 17th Jun Early"]
[Site "chess.com INT"]
[Date "2025.06.17"]
[Round "8"]
[White "Zhukovskyi, Oleksandr"]
[Black "Miserendino, Alfredo"]
[Result "1-0"]
[WhiteTitle "CM"]
[WhiteElo "2145"]
[BlackElo "2032"]
[WhiteFideId "14169371"]
[BlackFideId "101800"]
[EventDate "2025.06.17"]

1. e4 c5 2. Nf3 e6 3. c4 g6 4. d4 b6 5. Nc3 Bg7 6. Be3 cxd4 7. Nxd4 a6 8. Be2
Ne7 9. O-O O-O 10. Qd2 Bb7 11. Rfd1 Nbc6 12. Rac1 Rc8 13. Nb3 Ne5 14. c5 bxc5
15. Nxc5 Bc6 16. Bxa6 Ra8 17. Be2 f5 18. Bg5 fxe4 19. Nxe6 dxe6 20. Qxd8 Rfxd8
21. Bxe7 Rxd1+ 22. Rxd1 Nd3 23. Bxd3 exd3 24. Rxd3 Kf7 25. Ba3 Bxc3 26. Rxc3 Bd5
27. Rc7+ Kg8 28. f3 Bxa2 29. Kf2 1-0

[Event "Titled Tue 17th Jun Early"]
[Site "chess.com INT"]
[Date "2025.06.17"]
[Round "8"]
[White "Mindlin, Alon"]
[Black "Cahaya, Satria Duta"]
[Result "1-0"]
[WhiteTitle "IM"]
[BlackTitle "FM"]
[WhiteElo "2451"]
[BlackElo "2386"]
[WhiteFideId "2800071"]
[BlackFideId "7124252"]
[EventDate "2025.06.17"]

1. e4 e5 2. Nf3 Nc6 3. Nc3 Nf6 4. Bb5 Bc5 5. Nxe5 Nxe5 6. d4 Bd6 7. f4 Ng6 8. e5
Bb4 9. f5 Ne4 10. O-O Bxc3 11. bxc3 Nxc3 12. Qd3 Nxb5 13. fxg6 hxg6 14. Qxb5 Qh4
15. Bf4 g5 16. Bg3 Qxd4+ 17. Kh1 Qc3 18. e6 Qxg3 19. exf7+ Kf8 20. h3 Rh6 21.
Rae1 Rf6 22. Qe2 Re6 23. Qh5 Qh4 24. Rxe6 dxe6 25. Qd1 Bd7 26. Qxd7 Qc4 27. Re1
Qc6 28. Qd3 Kxf7 29. Qh7 Qc3 30. Rf1+ Ke7 31. Qg6 Rf8 32. Qxg5+ Ke8 33. Rd1 Qf6
34. Qb5+ Kf7 35. Rf1 Kg8 36. Rxf6 Rxf6 37. Qxb7 Rf7 38. Qxa7 1-0

[Event "Titled Tue 17th Jun Early"]
[Site "chess.com INT"]
[Date "2025.06.17"]
[Round "8"]
[White "Liu, Jason"]
[Black "Nikulina, Alena"]
[Result "1-0"]
[WhiteTitle "CM"]
[BlackTitle "WFM"]
[WhiteElo "2125"]
[BlackElo "1875"]
[WhiteFideId "2514656"]
[BlackFideId "4172051"]
[EventDate "2025.06.17"]

1. e4 c5 2. Nf3 e6 3. d4 cxd4 4. Nxd4 Nf6 5. Nc3 Nc6 6. Nxc6 bxc6 7. Be2 d5 8.
O-O Be7 9. b3 O-O 10. Bb2 d4 11. Na4 e5 12. Bd3 c5 13. Qe2 Be6 14. Bc1 Qd6 15.
Nb2 Bg4 16. f3 Be6 17. f4 exf4 18. e5 f3 19. gxf3 Qd5 20. exf6 Bxf6 21. Be4 Qh5
22. Bf4 Rad8 23. Nd3 c4 24. bxc4 Bxc4 25. Kh1 Rfe8 26. Rae1 g6 27. Qg2 Be6 28.
Bc6 Rf8 29. Qf2 Bh3 30. Rg1 Bh4 31. Bg3 Bf6 32. Nf4 Qf5 33. Re4 Bg7 34. Rge1 Rd6
35. Nxh3 Qxh3 36. Bxd6 1-0

[Event "Titled Tue 17th Jun Early"]
[Site "chess.com INT"]
[Date "2025.06.17"]
[Round "8"]
[White "Pranav, V"]
[Black "Puranik, Abhimanyu"]
[Result "0-1"]
[WhiteTitle "GM"]
[BlackTitle "GM"]
[WhiteElo "2595"]
[BlackElo "2622"]
[WhiteFideId "25060783"]
[BlackFideId "5061245"]
[EventDate "2025.06.17"]

1. e4 e6 2. d4 d5 3. Nc3 Nf6 4. exd5 exd5 5. Bd3 c6 6. Nf3 Bd6 7. O-O O-O 8. h3
h6 9. Re1 Re8 10. Ne5 Nbd7 11. Bf4 Nf8 12. Qf3 Ne6 13. Be3 c5 14. Bb5 cxd4 15.
Bxe8 Qxe8 16. Nxd5 Nxd5 17. Bxh6 Bb4 18. Qxd5 Bxe1 19. Rxe1 gxh6 20. Ng4 Qf8 21.
Re4 Kh8 22. Nf6 Qg7 23. Qe5 Nf8 24. Rh4 Nh7 25. Qe8+ Qf8 26. Rxh6 Bf5 27. Qe5
Qxh6 28. Nh5+ 0-1

[Event "Titled Tue 17th Jun Early"]
[Site "chess.com INT"]
[Date "2025.06.17"]
[Round "8"]
[White "Hungaski, Robert"]
[Black "Brancaleoni, Maurizio"]
[Result "1/2-1/2"]
[WhiteTitle "GM"]
[BlackTitle "FM"]
[WhiteElo "2477"]
[BlackElo "2185"]
[WhiteFideId "2021030"]
[BlackFideId "803022"]
[EventDate "2025.06.17"]

1. g3 c5 2. Bg2 g6 3. Nf3 Bg7 4. c3 Nc6 5. d4 cxd4 6. cxd4 d5 7. O-O e6 8. Nc3
Nge7 9. b3 O-O 10. a4 b6 11. Ba3 Bb7 12. Rc1 a6 13. h4 Re8 14. Qd2 Nf5 15. e3
Rc8 16. Ne2 Bf8 17. Bxf8 Rxf8 18. Ne5 Nd6 19. Nxc6 Bxc6 20. Nf4 a5 21. Rc3 Bb7
22. Rfc1 Qd7 23. Bf3 Ba6 24. Kg2 Rxc3 25. Rxc3 Rc8 26. g4 Rxc3 27. Qxc3 Qc8 28.
Qd2 h6 29. Kg3 Kg7 30. g5 hxg5 31. hxg5 Qd8 32. Nh3 Nf5+ 33. Kg2 Nh4+ 34. Kg3
Nf5+ 35. Kg2 Nh4+ 36. Kg3 Nf5+ 1/2-1/2

[Event "Titled Tue 17th Jun Early"]
[Site "chess.com INT"]
[Date "2025.06.17"]
[Round "8"]
[White "Jake Shanty"]
[Black "Kurmangaliyeva, Liya"]
[Result "1-0"]
[WhiteTitle "FM"]
[BlackTitle "FM"]
[WhiteElo "2252"]
[BlackElo "2276"]
[WhiteFideId "33478066"]
[BlackFideId "13725831"]
[EventDate "2025.06.17"]

1. Nf3 d5 2. e3 Nf6 3. b3 c5 4. Bb2 e6 5. Be2 Bd6 6. O-O O-O 7. d4 b6 8. Nbd2
Bb7 9. c4 Nc6 10. Rc1 Rc8 11. cxd5 exd5 12. dxc5 bxc5 13. Re1 Re8 14. Nf1 Ne7
15. Bxf6 gxf6 16. Ng3 Ng6 17. Bb5 Re6 18. Bd3 Re8 19. Qc2 Qb6 20. Red1 d4 21. e4
Bf4 22. Rb1 Qc7 23. Nf5 Ne5 24. Nxe5 Qxe5 25. g3 Bg5 26. h4 Rcd8 27. hxg5 fxg5
28. Rbc1 Rc8 29. Qd2 f6 30. f4 Qc7 31. fxg5 Kh8 32. Qf4 Qf7 33. Nd6 1-0

[Event "Titled Tue 17th Jun Early"]
[Site "chess.com INT"]
[Date "2025.06.17"]
[Round "8"]
[White "Buyankhishig, Batpelden"]
[Black "Yatskar, Martin"]
[Result "0-1"]
[WhiteTitle "WFM"]
[BlackTitle "CM"]
[WhiteElo "2015"]
[BlackElo "2225"]
[WhiteFideId "4923537"]
[BlackFideId "34109676"]
[EventDate "2025.06.17"]

1. d4 d5 2. c4 e6 3. Nf3 c5 4. cxd5 exd5 5. Nc3 Nf6 6. Bg5 Be6 7. Bxf6 Qxf6 8.
e4 dxe4 9. Nxe4 Qf4 10. Qe2 Be7 11. g3 Qc7 12. Bg2 O-O 13. O-O c4 14. Nfg5 Bd5
15. Qh5 h6 16. Nh7 Rd8 17. Nef6+ gxf6 18. Bxd5 Rxd5 19. Qxd5 Kxh7 20. Qxf7+ Kh8
21. Qe8+ Kg7 22. Rfe1 Bf8 23. Re4 f5 24. Rf4 Qf7 25. Qe5+ Qf6 26. Qc7+ Qf7 27.
Qe5+ Kg6 28. h4 Nc6 29. h5+ Kh7 30. Qb5 a6 31. Qb6 Bd6 32. Rf3 Re8 33. d5 Qxd5
34. Qxb7+ Re7 35. Rxf5 Qxf5 36. Qxc6 Bc5 37. Rf1 Qxh5 38. Qg2 Qe2 39. g4 Rg7 40.
Kh1 Rxg4 41. Qb7+ Rg7 42. Qd5 Qxf1+ 43. Kh2 Qg1+ 44. Kh3 Qg4+ 45. Kh2 Qh4# 0-1

[Event "Titled Tue 17th Jun Early"]
[Site "chess.com INT"]
[Date "2025.06.17"]
[Round "8"]
[White "Hehir, Michael"]
[Black "Perry, Patrick"]
[Result "1-0"]
[WhiteElo "2009"]
[BlackElo "2296"]
[WhiteFideId "2047411"]
[BlackFideId "30917727"]
[EventDate "2025.06.17"]

1. d4 Nf6 2. c4 c5 3. d5 e6 4. Nc3 exd5 5. cxd5 d6 6. Nf3 g6 7. Bf4 Bg7 8. h3
O-O 9. e3 Re8 10. Nd2 a6 11. a4 Nh5 12. Bh2 Qh4 13. Be2 Rxe3 14. Nf3 Rxe2+ 15.
Qxe2 Qd8 16. O-O Nf6 17. Rfe1 Bf5 18. Qe7 Qb6 19. Qxd6 Qxb2 20. Qd8+ Bf8 21.
Qxf6 Nd7 22. Qh4 Qxc3 23. Ng5 h6 24. Ne4 Qd4 25. Rad1 Qb4 26. Qf4 Re8 27. f3 Bg7
28. Kh1 Be5 29. Qd2 Qxd2 30. Nxd2 Kf8 31. Bxe5 Nxe5 32. Ne4 c4 33. Nd6 Re7 34.
Nxf5 gxf5 35. d6 Re6 36. d7 Nxd7 37. Rxe6 fxe6 38. Rxd7 b5 39. axb5 axb5 40. Rb7 1-0

[Event "Titled Tue 17th Jun Early"]
[Site "chess.com INT"]
[Date "2025.06.17"]
[Round "8"]
[White "Grover, Sahaj"]
[Black "Andreikin, Dmitry"]
[Result "0-1"]
[WhiteTitle "GM"]
[BlackTitle "GM"]
[WhiteElo "2465"]
[BlackElo "2695"]
[WhiteFideId "5021103"]
[BlackFideId "4158814"]
[EventDate "2025.06.17"]

1. e4 c6 2. d4 d5 3. e5 Bf5 4. Nd2 e6 5. Nb3 Nd7 6. Nf3 f6 7. Bd3 Bg4 8. Bf4
fxe5 9. dxe5 Ne7 10. h3 Bh5 11. Nbd4 Nc5 12. b4 Nxd3+ 13. Qxd3 Bf7 14. Ng5 Ng6
15. Nxf7 Nxf4 16. Nxd8 Bxb4+ 17. Qd2 Bxd2+ 18. Kxd2 Rxd8 19. g3 c5 20. Nb5 Ng6
21. f4 a6 22. Nd6+ Rxd6 23. exd6 Kd7 24. a4 b6 25. Ra3 Kxd6 26. Re1 e5 27. Rae3
Re8 28. c4 dxc4 29. Kc3 b5 30. axb5 axb5 31. f5 Nf8 32. Ra1 Nd7 33. Re2 Nb6 34.
Ra6 b4+ 35. Kc2 Kc6 36. Ra7 c3 37. Rxg7 c4 38. f6 Nd5 39. f7 b3+ 40. Kc1 Ra8 41.
Kb1 c2+ 0-1

[Event "Titled Tue 17th Jun Early"]
[Site "chess.com INT"]
[Date "2025.06.17"]
[Round "8"]
[White "Wahedi, Ahmad Siar"]
[Black "Cernov, Henrik"]
[Result "1-0"]
[WhiteTitle "FM"]
[BlackTitle "FM"]
[WhiteElo "2239"]
[BlackElo "2325"]
[WhiteFideId "4651260"]
[BlackFideId "16258312"]
[EventDate "2025.06.17"]

1. e4 a5 2. Nf3 e6 3. d4 d5 4. e5 c5 5. c3 Nc6 6. Bd3 Qb6 7. O-O a4 8. dxc5 Bxc5
9. Nbd2 Nge7 10. Qe2 Ng6 11. g3 Bd7 12. h4 Qc7 13. Re1 f6 14. Bxg6+ hxg6 15. c4
O-O 16. cxd5 exd5 17. Qd3 Ne7 18. e6 Bc6 19. Nd4 Rae8 20. N2f3 g5 21. hxg5 fxg5
22. Nxg5 g6 23. Nf7 Nf5 24. Bf4 Qb6 25. Nxf5 Bxf2+ 26. Kg2 Bxe1 27. Rxe1 Qxb2+
28. Re2 Qf6 29. N5h6+ Kh7 30. Be5 d4+ 31. Kg1 Qe7 32. Rh2 Qxe6 33. Ng5# 1-0

[Event "Titled Tue 17th Jun Early"]
[Site "chess.com INT"]
[Date "2025.06.17"]
[Round "8"]
[White "Samunenkov, Ihor"]
[Black "Wan, Yunguo"]
[Result "0-1"]
[WhiteTitle "GM"]
[BlackTitle "GM"]
[WhiteElo "2562"]
[BlackElo "2501"]
[WhiteFideId "14187086"]
[BlackFideId "8603189"]
[EventDate "2025.06.17"]

1. d4 Nf6 2. Bf4 d5 3. e3 c5 4. dxc5 Nc6 5. Bb5 e6 6. b4 Bd7 7. c3 Be7 8. Ne2
O-O 9. O-O Nh5 10. Nd2 a5 11. Qb3 Nxf4 12. exf4 Bf6 13. Rab1 Qc7 14. Nf3 Rfb8
15. a3 h5 16. g3 b6 17. Bxc6 Bxc6 18. cxb6 Rxb6 19. Ned4 Be8 20. Rfc1 h4 21. a4
Rc8 22. b5 Qc4 23. Nd2 Qd3 24. N2f3 Rc4 25. Ne5 Bxe5 26. fxe5 h3 27. Qa2 Qe4 28.
f3 Qxe5 29. Qf2 Rb8 30. f4 Qe4 31. Re1 Qd3 32. f5 e5 33. Rbd1 Qxc3 34. Rxe5 Rxa4
35. f6 Ra1 36. Rxa1 Qxa1+ 37. Re1 Qc3 38. fxg7 a4 39. Nf5 a3 40. Ne7+ Kxg7 41.
Nxd5 Qb2 42. Qf4 Qg2# 0-1

[Event "Titled Tue 17th Jun Early"]
[Site "chess.com INT"]
[Date "2025.06.17"]
[Round "8"]
[White "Azizoglu, Ferzan"]
[Black "Goncharov, Vladimir"]
[Result "0-1"]
[WhiteElo "2055"]
[BlackElo "2077"]
[WhiteFideId "6302726"]
[BlackFideId "34162256"]
[EventDate "2025.06.17"]

1. e4 e6 2. d4 d5 3. Nc3 Bb4 4. e5 c5 5. a3 Ba5 6. b4 cxd4 7. Nb5 Bc7 8. Nf3 Nc6
9. Nxc7+ Qxc7 10. Bb5 Bd7 11. Bxc6 Bxc6 12. Qxd4 Bb5 13. a4 Bc4 14. Qg4 Kf8 15.
b5 g6 16. h4 h5 17. Qf4 Kg7 18. Ba3 Rc8 19. Nd4 Rh7 20. f3 Kh8 21. Bd6 Qa5+ 22.
Kf2 Qd8 23. g4 hxg4 24. fxg4 Nh6 25. h5 g5 26. Qf3 Rg7 27. Kg3 Kh7 28. c3 Qd7
29. Rab1 f5 30. gxf5 exf5 31. Kf2 Re8 32. Rhg1 Ng4+ 0-1

[Event "Titled Tue 17th Jun Early"]
[Site "chess.com INT"]
[Date "2025.06.17"]
[Round "8"]
[White "Hernandez Jimenez, Alexander Andres"]
[Black "Malikova, Marjona"]
[Result "0-1"]
[WhiteTitle "FM"]
[BlackTitle "WIM"]
[WhiteElo "2069"]
[BlackElo "2055"]
[WhiteFideId "3900452"]
[BlackFideId "14212463"]
[EventDate "2025.06.17"]

1. e4 e6 2. d4 d5 3. Nc3 Nf6 4. e5 Nfd7 5. f4 c5 6. Nf3 Nc6 7. Be3 Qb6 8. Qd2
cxd4 9. Nxd4 Bc5 10. O-O-O Bxd4 11. Bxd4 Nxd4 12. Qxd4 f6 13. Qxb6 Nxb6 14. exf6
gxf6 15. Bb5+ Bd7 16. Bxd7+ Kxd7 17. f5 Rad8 18. fxe6+ Kxe6 19. Rhe1+ Kf7 20. b3
Rhg8 21. g3 h5 22. Rd4 Rg4 23. Red1 Rxd4 24. Rxd4 Ke6 25. Ne4 Rc8 26. Nf2 Ke5
27. Rh4 Rh8 28. g4 Kf4 29. gxh5+ Kg5 30. Rg4+ Kf5 31. Rg7 Rxh5 32. Rxb7 Rxh2 33.
Nd3 Nc8 34. Rc7 Rh8 35. a4 Ke4 36. Nc5+ Kd4 37. b4 f5 38. Nb3+ Ke3 39. Rc3+ Ke4
40. Nd2+ Ke5 41. a5 d4 42. Rd3 f4 43. Nf3+ Ke4 44. Nxd4 Rd8 0-1

[Event "Titled Tue 17th Jun Early"]
[Site "chess.com INT"]
[Date "2025.06.17"]
[Round "8"]
[White "Skiadopoulos, Nikolaos"]
[Black "Wyss, Jonas"]
[Result "0-1"]
[WhiteTitle "CM"]
[BlackTitle "FM"]
[WhiteElo "1882"]
[BlackElo "2278"]
[WhiteFideId "4200772"]
[BlackFideId "1311387"]
[EventDate "2025.06.17"]

1. e4 c6 2. d4 d5 3. e5 c5 4. dxc5 e6 5. a3 Bxc5 6. b4 Be7 7. Nf3 a5 8. b5 Nd7
9. c4 Qc7 10. Bb2 dxc4 11. Nbd2 Nb6 12. Rc1 Qd7 13. Bd4 Nd5 14. Nxc4 Bxa3 15.
Be2 Bxc1 16. Nd6+ Kf8 17. Qxc1 Nge7 18. O-O Nf5 19. Bc5 Nxd6 20. Bxd6+ Kg8 21.
Bc4 h6 22. Bxd5 exd5 23. Nd4 Qg4 24. Qe3 Qg5 25. f4 Qg6 26. f5 Qg5 27. Qc3 Kh7
28. Qf3 a4 29. Qxd5 a3 30. Bxa3 Rxa3 31. Qxf7 Rd8 32. f6 Rxd4 0-1

[Event "Titled Tue 17th Jun Early"]
[Site "chess.com INT"]
[Date "2025.06.17"]
[Round "8"]
[White "Kislinsky, Alexey"]
[Black "Gogolev, Artem"]
[Result "1-0"]
[WhiteTitle "GM"]
[BlackTitle "IM"]
[WhiteElo "2341"]
[BlackElo "2240"]
[WhiteFideId "14108801"]
[BlackFideId "4116615"]
[EventDate "2025.06.17"]

1. e4 c6 2. d4 d5 3. e5 Bf5 4. Nf3 e6 5. Be2 Ne7 6. O-O c5 7. Be3 Nec6 8. c3 Nd7
9. Nbd2 Qb6 10. b3 cxd4 11. cxd4 Ba3 12. Nh4 Bg6 13. Nxg6 hxg6 14. Nf3 Rc8 15.
Bc1 Be7 16. g3 Nb4 17. a3 Nc6 18. b4 a5 19. b5 Na7 20. Rb1 O-O 21. h4 Qd8 22. a4
Nb6 23. Bd2 Nc4 24. b6 Nc6 25. Bxc4 dxc4 26. Bc3 Bb4 27. Ba1 Qxb6 28. d5 exd5
29. Qxd5 Ne7 30. Qe4 Qc6 31. Qg4 c3 32. Rbc1 Rfd8 33. h5 gxh5 34. Qxh5 Qg6 35.
Qh3 Qf5 36. Qg2 Ng6 37. Rfe1 Rd3 38. Nh2 Rd2 39. Qf3 Qxf3 40. Nxf3 Nf8 41. Bxc3
Bxc3 42. Rxc3 Rxc3 43. Nxd2 Ne6 44. Rb1 Nc5 45. Rb5 Rc2 46. Nf3 Nxa4 47. Rxb7
Nc5 48. Ra7 a4 49. Ng5 f6 50. Ra8# 1-0

[Event "Titled Tue 17th Jun Early"]
[Site "chess.com INT"]
[Date "2025.06.17"]
[Round "8"]
[White "Shymanskyi, Oleksandr"]
[Black "Kozusek, Daniel"]
[Result "1/2-1/2"]
[WhiteTitle "FM"]
[BlackTitle "FM"]
[WhiteElo "2218"]
[BlackElo "2345"]
[WhiteFideId "14168880"]
[BlackFideId "349500"]
[EventDate "2025.06.17"]

1. e4 c6 2. Nf3 d5 3. Nc3 dxe4 4. Nxe4 Nf6 5. Qe2 Nxe4 6. Qxe4 Nd7 7. Bc4 Nf6 8.
Ne5 e6 9. Qe2 b5 10. Bb3 Qc7 11. d4 Bd6 12. a4 O-O 13. O-O a5 14. Re1 Ba6 15.
Qf3 Bb7 16. Qh3 c5 17. axb5 cxd4 18. Bf4 Bd5 19. Bg3 Bxb3 20. cxb3 Qb6 21. Nc4
Qxb5 22. Bxd6 Rfe8 23. Be5 Nd5 24. Qg3 f6 25. Nd6 Qd7 26. Nxe8 fxe5 27. Qxe5
Rxe8 28. Qxd4 Qb5 29. Qc4 Qb6 30. Rad1 Rf8 31. Rd2 Nf4 32. h3 h6 33. Qe4 Kh8 34.
Red1 Nd5 35. Qd4 Qc6 36. Re1 Nf4 37. Qe4 Qb6 38. Qe3 Qc6 39. Qe4 Qb6 1/2-1/2

[Event "Titled Tue 17th Jun Early"]
[Site "chess.com INT"]
[Date "2025.06.17"]
[Round "8"]
[White "Carlsson, Ludvig"]
[Black "Fedorov, Artem Alek"]
[Result "1-0"]
[WhiteTitle "IM"]
[BlackTitle "CM"]
[WhiteElo "2379"]
[BlackElo "2157"]
[WhiteFideId "1727010"]
[BlackFideId "34418431"]
[EventDate "2025.06.17"]

1. Nf3 Nf6 2. c4 e6 3. Nc3 d5 4. d4 c5 5. cxd5 Nxd5 6. e4 Nxc3 7. bxc3 cxd4 8.
cxd4 Bb4+ 9. Bd2 Bxd2+ 10. Qxd2 O-O 11. Bc4 Nd7 12. O-O b6 13. d5 Nf6 14. Rad1
Qc7 15. Bb3 Nxe4 16. Qd4 Nc5 17. d6 Qd8 18. Ne5 Bd7 19. Rc1 Rc8 20. Rfe1 Qf6 21.
Bc2 Rfd8 22. Rcd1 Bc6 23. Re3 Bd5 24. Rh3 h6 25. Qe3 Rxd6 26. Ng4 Qg5 27. Qg3
Rcd8 28. Rxh6 Nb7 29. Rh7 Be4 30. h4 Qf5 31. Rxd6 1-0

[Event "Titled Tue 17th Jun Early"]
[Site "chess.com INT"]
[Date "2025.06.17"]
[Round "8"]
[White "Hury, Tymoteusz"]
[Black "Liu, Casper"]
[Result "0-1"]
[WhiteTitle "CM"]
[BlackTitle "FM"]
[WhiteElo "2115"]
[BlackElo "2325"]
[WhiteFideId "21839328"]
[BlackFideId "1454153"]
[EventDate "2025.06.17"]

1. Nf3 d5 2. e3 Nd7 3. c4 e6 4. Nc3 Ngf6 5. d4 c6 6. Bd3 b6 7. b3 Bb7 8. O-O Bd6
9. Bb2 O-O 10. e4 dxe4 11. Nxe4 Nxe4 12. Bxe4 Nf6 13. Bc2 c5 14. h3 cxd4 15.
Qxd4 Bxf3 16. gxf3 Be7 17. Qc3 Qc7 18. Kh1 Rac8 19. Rg1 Qf4 20. Rg4 Qh6 21. Rg3
Rc5 22. Rag1 g6 23. Bc1 Qh4 24. Ba3 Nh5 25. Kh2 Rc7 26. Bxg6 hxg6 27. Rxg6+ fxg6
28. Rxg6+ Kh7 29. Qc2 Rf5 30. Rxe6 Qf4+ 31. Kg1 Bxa3 0-1

[Event "Titled Tue 17th Jun Early"]
[Site "chess.com INT"]
[Date "2025.06.17"]
[Round "8"]
[White "Jasinski, Alexander"]
[Black "Nakonechnyi, Oleksii"]
[Result "0-1"]
[BlackTitle "CM"]
[WhiteElo "1989"]
[BlackElo "2222"]
[WhiteFideId "55627994"]
[BlackFideId "34173714"]
[EventDate "2025.06.17"]

1. e4 c5 2. Nf3 d6 3. Bb5+ Bd7 4. Bxd7+ Nxd7 5. O-O e5 6. c3 Ngf6 7. Qe2 a6 8.
Na3 b5 9. Nc2 Qc7 10. Rd1 c4 11. d4 cxd3 12. Rxd3 Nc5 13. Re3 Be7 14. Bd2 Qb7
15. Re1 O-O 16. h3 a5 17. b4 axb4 18. Nxb4 Ra3 19. Bc1 Ra4 20. Nh4 g6 21. Nf3
Rfa8 22. Nd2 Na6 23. a3 Nc5 24. c4 bxc4 25. Nxc4 Bf8 26. Nd2 Ne8 27. Bb2 Nc7 28.
Rc1 N7e6 29. Nc4 Qb8 30. Qd2 Bh6 31. Qxd6 Qxd6 32. Nxd6 Bxe3 33. fxe3 Rd8 34.
Bxe5 Rxa3 35. Nc6 Rd7 36. Nd4 Ra8 37. Nxe6 Nxe6 38. Rf1 Ra5 39. Bg3 Ra8 40. e5
Kg7 41. Bh4 h6 42. Bf6+ Kg8 43. Rc1 Nf8 44. Ne4 Nh7 45. Rf1 g5 46. Kh2 Re8 47.
Ng3 Nxf6 48. Rxf6 Re6 49. Rf5 Kg7 50. Nh5+ Kg6 51. g4 Rd2+ 52. Kg3 Rd5 53. Kf3
Rdxe5 54. Rxe5 Rxe5 55. Ng3 Ra5 56. Ne4 Ra1 57. Nd6 Rh1 58. Kg2 Rd1 59. Kf3 Rxd6 0-1

[Event "Titled Tue 17th Jun Early"]
[Site "chess.com INT"]
[Date "2025.06.17"]
[Round "8"]
[White "Bodemar, Jonathan"]
[Black "Pham, Le Thao Nguyen"]
[Result "0-1"]
[WhiteTitle "CM"]
[BlackTitle "IM"]
[WhiteElo "2150"]
[BlackElo "2357"]
[WhiteFideId "6205488"]
[BlackFideId "12401226"]
[EventDate "2025.06.17"]

1. e4 c6 2. d4 d5 3. exd5 cxd5 4. Bd3 Nc6 5. c3 Nf6 6. Bf4 Bg4 7. Qb3 Qc8 8. Nd2
e6 9. Ngf3 Be7 10. O-O O-O 11. Rfe1 Bh5 12. Re3 a6 13. a4 Bg6 14. Ne5 Nxe5 15.
dxe5 Nd7 16. Qd1 Nc5 17. Bxg6 fxg6 18. Bg3 Bg5 19. Re2 Bxd2 20. Rxd2 Ne4 21. Rd4
Rf5 22. Qe2 Qc6 23. f3 Nxg3 24. hxg3 g5 25. g4 Rf7 26. Qe3 h6 27. Rb4 Rc8 28.
Rd1 Qe8 29. a5 Rc6 30. Ra1 Qc8 31. Ra3 Rc4 32. Rab3 Rfc7 33. Qa7 Rxb4 34. Rxb4
b5 35. axb6 Rxa7 36. bxa7 Qc5+ 0-1

[Event "Titled Tue 17th Jun Early"]
[Site "chess.com INT"]
[Date "2025.06.17"]
[Round "8"]
[White "Castillo Pena, Patricia Evarista"]
[Black "El Jawich, Amro"]
[Result "1-0"]
[WhiteTitle "WFM"]
[BlackTitle "FM"]
[WhiteElo "1909"]
[BlackElo "2307"]
[WhiteFideId "6412106"]
[BlackFideId "5300380"]
[EventDate "2025.06.17"]

1. d4 g6 2. Nf3 Bg7 3. Nc3 d6 4. e4 Nd7 5. Be3 Ngf6 6. Qd2 Ng4 7. Bg5 h6 8. Bh4
O-O 9. h3 Ngf6 10. O-O-O c6 11. e5 Nd5 12. Nxd5 cxd5 13. exd6 g5 14. dxe7 Qxe7
15. Bg3 Nb6 16. Bd3 Be6 17. Ne5 Rac8 18. Kb1 Qe8 19. f4 Nc4 20. Bxc4 dxc4 21. d5
c3 22. Qd3 Bf5 23. Qxf5 Bxe5 24. Qxe5 Qb5 25. b3 Rfe8 26. Qd4 Qa6 27. Rd3 Re2
28. Rxc3 Rxc3 29. Qxc3 Rxg2 30. fxg5 Qg6 31. Bf4 hxg5 32. Bc1 Qe4 33. Bb2 Kf8
34. Re1 1-0